000 004050000a22001690004500
003 MACL
005 20160113131400.0
008 160113b xxu||||| |||| 00| 0 eng d
040 _aMACL
_cMACL
041 _aEnglish
082 _a823/TRE
100 _aTrewin, J C
_931754
245 _aPlays of The Year
260 _bElek Books Ltd
_c1953
_aNew York
650 _aNovel
_9153
942 _cBK
_k823/TRE
_2ddc
999 _c38810
_d38810